| 000 | 00936nam a2200277Ia 4500 | ||
|---|---|---|---|
| 003 | OSt | ||
| 005 | 20220918170223.0 | ||
| 006 | a|||||r|||| 00| 0 | ||
| 007 | ta | ||
| 008 | 220917b |||||||| |||| 00| 0 eng d | ||
| 020 |
_a978 90 272 0441 7 (hbk) _cEURO 95.00 |
||
| 024 | _a320,855 | ||
| 037 |
_b1324, 06/03/2017, Bright Book Service _cTextual |
||
| 040 |
_aARTS _cARTS _beng |
||
| 041 |
_2eng _aeng |
||
| 082 | _aP:3, Q6 | ||
| 100 |
_aYoon Jiyoung Ed. _927763 |
||
| 245 | 0 | _aCorpus-based approaches to construction grammar | |
| 260 |
_aAmsterdam _bJohn Benjamin Publishing Company The Netherlands _c2016 |
||
| 300 |
_avi,268p. _ccm. |
||
| 490 | _aConstructional approaches to language | ||
| 650 |
_aGRAMMAR; LINGUISTICS _927764 |
||
| 700 |
_a Gries Stefan Th. Ed. _927765 |
||
| 942 |
_hP:3, Q6 _cTEXL _2CC |
||
| 999 |
_c133169 _d133169 |
||